Sur la production expérimentale de la polyembryonie et de la monstruosité double chez les oiseaux,

Saved in:
Bibliographic Details
Main Author: Lutz, Hubert.
Format: Book
Language:French
Published: Paris, Masson & Cie, 1949.
Subjects:
Tags: Add Tag
No Tags, Be the first to tag this record!
LEADER 00686nam a2200217K 4500
001 005299599-2
005 20150302162901.0
008 950214s1949 fr 000 0 fre d
035 0 |a ocn181158051 
040 |a HMZ  |c HMZ 
090 |a QL698.2  |b .L87 1949 
100 1 |a Lutz, Hubert. 
245 1 0 |a Sur la production expérimentale de la polyembryonie et de la monstruosité double chez les oiseaux,  |c par Hubert Lutz ... 
260 |a Paris,  |b Masson & Cie,  |c 1949. 
300 |a [7], 66, [1] p.  |b illus., tables, diargs.  |c 24 cm. 
502 |a Thèse:--Strasbourg. 
504 |a Bibliographie, p. 63-66. 
650 0 |a Birds  |x Reproduction. 
650 0 |a Embryology. 
988 |a 20020608 
906 |0 MH